000 00400nam a2200145Ia 4500
008 240729s9999 xx 000 0 und d
245 0 _aMicronesica
260 _aGuam
260 _bUniversity of Guam Press
650 _a Geography (General)
650 _aGeography. Anthropology. Recreation
856 _uhttps://doaj.org/toc/bb9ea721f1ad41b8ba261c2b42f6622d
942 _2ddc
942 _cDOAJEJ
999 _c66590
_d66590
945 _a1
_bMadushi Gamage
_c1
_dMadushi Gamage